| 000 | 00558nam a2200205Ia 4500 | ||
|---|---|---|---|
| 003 | 0100 | ||
| 008 | 130227s9999 xx 000 0 und d | ||
| 040 | _cARRUPELIB | ||
| 050 | _aHC910.S77 1995 | ||
| 245 | _aStructural adjustment and the working poor in Zimbabwe | ||
| 245 | _bstudies on labour, women infromal sector workers and health | ||
| 260 | _aUppsala | ||
| 260 | _bNordiska Afrikainstitutet | ||
| 260 | _C1995 | ||
| 300 | _a283p. | ||
| 300 | _b 24cm | ||
| 650 | _bReligion - Philosophy | ||
| 700 | _aGibbon, Peter (ed.) | ||
| 942 |
_2lcc _02 |
||
| 999 |
_c5965 _d5965 |
||